The French laundry cookbook

Bibliographic Details
Main Author: Keller Thomas
Other Authors: Heller, Susie, Ruhlman, Michael
Format: Book
Published: New York : Artisan , 1999
Subjects:

MARC

LEADER 00000cam a2200000 7i4500
001 0000019319
005 20080616.0
008 080616
020 |a 1579651267 
090 0 0 |a 641.50979419   |b KEL 
100 1 |a Keller   |b Thomas 
245 1 4 |a The French laundry cookbook   |c Thomas Keller 
260 |a New York :   |b Artisan ,   |c 1999 
650 0 |a Cookery, French 
650 0 |a French   |x Laundry (restaurant) 
700 1 |a Heller, Susie 
700 1 |a Ruhlman, Michael 
999 |a 0001025191   |b Book   |c REFERENCE   |e Perbadanan Perpustakaan Awam Johor